000 00565cam a22001577a 4500
999 _c475670
_d475670
008 180718b1972 xxu||||| |||| 00| 0 eng d
082 _aL1 In2a
100 _aViswanthan, S.S.
_910378
245 _aApplication of performance budgeting in the Central Public Works Department
_cBy S.S. Viswanthan and A.V. Chaturvedi
260 _aDelhi
_bIndian Institute of Public Administration
_c1972
300 _a126p.
650 _aBudget - Procedure
_910379
700 _aChaturvedi, A.V.
_910380
700 _aIndian Institute of Public Administration
_910381
942 _2ddc